Normal view MARC view
  • Jung.H, Albrecht .A

Entry Personal Name

Number of records used in: 1

001 - CONTROL NUMBER

  • control field: 95468

003 - CONTROL NUMBER IDENTIFIER

  • control field: NUST

005 - DATE AND TIME OF LATEST TRANSACTION

  • control field: 20220727125132.0

008 - FIXED-LENGTH DATA ELEMENTS

  • fixed length control field: 220727|| aca||aabn | a|a d

040 ## - CATALOGING SOURCE

  • Original cataloging agency: NUST
  • Transcribing agency: NUST

100 ## - HEADING--PERSONAL NAME

  • Personal name: Jung.H, Albrecht .A

670 ## - SOURCE DATA FOUND

  • Source citation: Work cat.: (NUST)176313: Jung.H, Albrecht .A, Lecture Notes in Computer Science, 1987
© 2023 Central Library, National University of Sciences and Technology. All Rights Reserved.